My Favorite T.V. Shows - Statistics

General Stats
  • This quiz has been taken 21 times
  • The average score is 4 of 5
Answer Stats
Picture Answer % Correct
Scooby-Doo, Where Are You!
100%
Star Trek
100%
Sherlock
78%
Psych
61%
Do Over
22%
No matching quizzes found
Score Distribution
Percent of People with Each Score
Percentile by Number Answered
Your Score History
You have not taken this quiz